00615nam a2200193 a 450000100060000000300090000600800410001501500210005602000180007704000280009508200170012310000490014024500700018925000120025926000520027130000190032350000430034265000360038526636CO-ViMGA141112s2004 ck r 000 u spa d ack - 2014 - xxxx a9789584644879 aCO-ViMGAbspacCO-ViMGA04aCo863.5 R52m1 aRodríguez Monterrosa, José Luis, 1960 - 10aLa mojiganga y otros cuentos / cJose Luis Rodríguez Monterrosa a1a. ed. aBarranquilla : bEditorial la Chicharra, c2014 a124 p. ; 20 cm aContiene datos biográficos del autor14aCuentos colombianos - Siglo XXI